01330cam a22002891 4500001001300000003000400013005001700017008004100034010001700075035001900092040001900111042001200130050002300142051001800165082001500183100003700198245018100235260009200416300003000508410006600538500010500604501019800709650003900907650003600946650004100982999001701023e 58000023 DLC20260227111236.0750917s1958 xx 000 0 eng  ae 58000023  a(OCoLC)1631525 aDLCcNAlUdDLC apremarc00aL111b.A614 no. 29 aLB2825b.H837 a379.1109731 aHutchins, Clayton Darius,d1900-10aSchool finance and school business management:bresponsibilities and services of state departments of educationc[by] Clayton D. Hutchins, Albert R. Munse [and] Edna D. Booher. a[Washington]bU.S. Dept. of Health, Education, and Welfare, Office of Educationc[1958] av, 78 p.btables.c29 cm.10aUnited States.bOffice of Education.tMiscellaneous,vno. 29. a"[Prepared] in cooperation with the Study Commission of the Council of Chief State School Officers." aL111.A614 with: Pupil transportation / Glenn E. Featherston. Washington : U.S. Dept. of Health, Education, and Welfare, Office of Education, 1956. Bound together subsequent to publication.5DLC 0aEducationzUnited StatesxFinance. 0aState departments of education. 0aPublic schoolsxBusiness management. c22293d22293